00181nam a2200061Ia 4500245002500000100005300025008004100078 0aDans van die seekat  a LINDE, Engela Pretoria, 1995 Grootdrukuitg 210817s9999 xx 000 0 und d